ბათუმის შოთა რუსთაველის სახელმწიფო უნივერსიტეტის ბიბლიოთეკა

დაწევისა და დაჩქარებული სწავლების კურიკულუმი განათლების მიღების მეორე შესაძლებლობისთვის / (ბიბ.ჩანაწერი № 58931)

000 -ლიდერი
ფიქსირებული სიგრძის საკონტროლო ველი 01169nam a22002057a 4500
003 - საკონტროლო ნომრის იდენტიფიკატორი
საკონტროლო ველი Ge_BSU
005 - ბოლო ოპერაციის თარიღი და დრო
საკონტროლო ველი 20221020144118.0
008 - ფიქსირებული სიგრძის მონაცემთა ელემენტები - ზოგადი ინფორმაცია
ფიქსირებული სიგრძის საკონტროლო ველი 221020s2022 ge ||||| |||| 00| 0 geo d
041 ## - ენის კოდი
Language code of text/sound track or separate title geo
080 ## - უნივერსალური ათობითი კლასიფიკაციის ინდექსი
Universal Decimal Classification number 37 დ-25
245 ## - ცნობა სათაურის შესახებ
Title დაწევისა და დაჩქარებული სწავლების კურიკულუმი განათლების მიღების მეორე შესაძლებლობისთვის /
Remainder of title საბაზო საფეხური.
264 ## - წარმოების, გამოცემის, დისტრიბუციის და სხვა ცნობები
გამოცემის, წარმოების, დისტრიბუციის... ადგილი [თბილისი],
გამოცემის, წარმოების, დისტრიბუციის... თარიღი 2022.
300 ## - ფიზიკური აღწერა
Extent 351 გვ. ;
Other physical details 30 სმ.
500 ## - ზოგადი შენიშვნა
General note პუბლიკაცია იბეჭდება გაეროს ბავშვთა ფონდის მიერ ნორვეგიის მთავრობის ფინანსური მხარდაჭერით.
504 ## - BIBLIOGRAPHY, ETC. NOTE
Bibliography, etc ბიბლიოგრ. გვ. 348-351
653 ## - INDEX TERM--UNCONTROLLED
Uncontrolled term განათლება
653 ## - INDEX TERM--UNCONTROLLED
Uncontrolled term სწავლების კურიკულუმი
856 ## - ELECTRONIC LOCATION AND ACCESS
Uniform Resource Identifier http://inclusion.ge/res/docs/2022060916172316929.pdf
Link text ელ. ვერსია. pdf
942 ## - ADDED ENTRY ELEMENTS (KOHA)
Source of classification or shelving scheme
Koha item type წიგნი
ეგზემპლარები
ჩამოწერის სტატუსი დაკარგული ეგზემპლარის სტატუსი კლასიფიკაციის წყარო ან თაროზე გაწყობის სქემა დაზიანების სტატუსი არ გაიცემა მუდმივი მდებარეობა (დაცვის ადგილი) ამჟამინდელი ადგილსამყოფელი თაროზე განთავსების ადგილი შეძენის თარიღი ღირებულება, შესყიდვის ნორმალური ფასი სრული შენახვის შიფრი შტრიხკოდი ბოლო ოპერაციის თარიღი ეგზემპლარის მიმდევრობითი ნომერი (კეტერი?) ფასის ძალაში შესვლის თარიღი ეგზემპლარის სახეობა საჯარო შენიშვნა
          ბათუმის შოთა რუსთაველის სახელმწიფო უნივერსიტეტის მთავარი ბიბლიოთეკა ბათუმის შოთა რუსთაველის სახელმწიფო უნივერსიტეტის მთავარი ბიბლიოთეკა წიგნსაცავი 2022-10-20 10.00 37 დ-25 63117 2022-10-20 63117 2022-10-20 წიგნი 10 ლ.
          ბათუმის შოთა რუსთაველის სახელმწიფო უნივერსიტეტის მთავარი ბიბლიოთეკა ბათუმის შოთა რუსთაველის სახელმწიფო უნივერსიტეტის მთავარი ბიბლიოთეკა წიგნსაცავი 2022-10-20 10.00 37 დ-25 63118 2022-10-20 63118 2022-10-20 წიგნი 10 ლ.
          ბათუმის შოთა რუსთაველის სახელმწიფო უნივერსიტეტის მთავარი ბიბლიოთეკა ბათუმის შოთა რუსთაველის სახელმწიფო უნივერსიტეტის მთავარი ბიბლიოთეკა წიგნსაცავი 2023-05-17 10.00 37 დ-25 29484 2023-05-17 29484 2023-05-17 წიგნი 10.00